Films de Yórgos Lánthimos par images - Statistiques

Statistiques générales
  • Ce quiz a été pris 182 fois
  • Le résultat moyen est 3 sur 8
Statistiques - réponses
Par images Réponse % Correct
Pauvres Créatures
86%
The Lobster
74%
La Favorite
70%
Kinds of Kindness
44%
Mise à mort du cerf sacré
30%
Canine
27%
Alps
12%
Kinetta
4%
Aucun quiz correspondant
Distribution des résultats
% des personnes avec chaque résultat
Percentile par nombre de réponses
Votre historique - résultats
Vous n’avez pas pris ce quiz